| 000 | 01025nam a2200265 a 4500 | ||
|---|---|---|---|
| 003 | EG-GiCUC | ||
| 008 | 090416s1993 ua f f000 0 ara d | ||
| 017 |
_a1993/2699 _bمصر .دار الكتب |
||
| 020 | _a9770133069 | ||
| 040 |
_aEG-GiCUC _bara _cEG-GiCUC |
||
| 092 | 0 | 4 |
_a860.9 _bA2861 _221 |
| 099 |
_a04 _a860.9 A2861 |
||
| 100 | 1 | _aابو احمد : حامد | |
| 245 | 1 | 0 |
_aقراءات فى ادب اسبانيا و امريكا اللاتينية / _cحامد ابواحمد |
| 260 |
_aالقاهرة : _bالهيئة المصرية العامة للكتاب : _c1993 |
||
| 300 |
_a 239 ص ؛ _c24سم |
||
| 440 | 0 | _a دراسات ادبية | |
| 504 | _aيشتمل على ارجاعات ببليوجرافية | ||
| 650 | 7 |
_aالادب الاسبانى _xتاريخ و نقد _2qrmak |
|
| 902 | _a1 | ||
| 905 |
_aجيهان _eمراجع |
||
| 905 |
_aجيهان شعراوى _eمدخل |
||
| 942 |
_2ddc _cBK |
||
| 999 |
_c109853 _d109853 |
||